000 00676nam a2200205Ii 4500
003 JO-AjNU
008 230605s9999||||xx |||||||||||||| ||und||
040 _aJO-AjNU
_bara
_erda
_cJO-AjNU
041 _aara
050 1 4 _aPJ7866.J3.Z92 2006
100 3 _aجدوع، محمد,
_eauthor
_939807
245 0 0 _aالتاريخ والعجيلي: دراسة
250 _aط1
264 3 1 _aدمشق: دار الفرقد، 2006
300 _a271ص
336 _atext
_btxt
_2rdacontent
337 _aunmediated
_bn
_2rdamedia
338 _avolume
_bnc
_2rdacarrier
650 4 _aالأدب العربي - تاريخ ونقد - تراجم - المؤلفين السوريين
_939808
999 _aA16843
_c20411
_d20411